Detterence and voluntary compliance with the zone regulation in the Malaysian fishery /
Saved in:
| 主要作者: | |
|---|---|
| 格式: | Thesis 图书 |
| 语言: | English |
| 出版: |
1992.
|
| 主题: | |
| 标签: |
添加标签
没有标签, 成为第一个标记此记录!
|
| LEADER | 00797cam a2200229 a 4500 | ||
|---|---|---|---|
| 001 | u345433 | ||
| 003 | SIRSI | ||
| 008 | 940110s1992 us a v 00 1 eng m | ||
| 035 | |a ABR-5330 | ||
| 040 | |a UMM | ||
| 043 | |a a-my--- | ||
| 090 | |a SH307 |b M4Vis | ||
| 100 | 1 | 0 | |a Viswanathan, K. Kuperan. |
| 245 | 1 | 0 | |a Detterence and voluntary compliance with the zone regulation in the Malaysian fishery / |c by K. Kuperan Viswanathan. |
| 260 | |c 1992. | ||
| 300 | |a xvi, 294 p. ; |b ill. ; |c 21 cm. | ||
| 502 | |a Thesis (Ph. D) -- University of Rhode Island, 1992. | ||
| 650 | 0 | |a Fishery law and legislation |z Malaysia. | |
| 650 | 0 | |a Trawls and trawling |z Malaysia. | |
| 948 | |a 10/01/1994 |b 12/08/2002 | ||
| 596 | |a 1 | ||
| 999 | |a SH307 M4VIS |w LC |c 1 |i A504506725 |d 23/3/2017 |e 23/3/2017 |l STACKS |m P01UTAMA |n 4 |r Y |s Y |t TESIS |u 11/1/1994 | ||
